Lettres sur la question des cimetières / (Record no. 157287)

MARC details
000 -LEADER
campo de control de longitud fija 00834nam a22001935i 4500
001 - NÚMERO DE CONTROL
campo de control 157287
003 - IDENTIFICADOR DE NÚMERO DE CONTROL
campo de control ES-MaACL
005 - FECHA Y HORA DE LA ÚLTIMA TRANSACCIÓN
campo de control 20250809063529.0
008 - DATOS DE LONGITUD FIJA--INFORMACIÓN GENERAL
campo de control de longitud fija 010719s1864 fr |||| | fre d
040 ## - FUENTE DE CATALOGACIÓN
Centro catalogador/agencia de origen CCPB | B
Lengua de catalogación spa
Centro/agencia transcriptor CCPB | B
100 1# - ENTRADA PRINCIPAL--NOMBRE DE PERSONA
Nombre de persona Laurent, François,
Fechas asociadas al nombre 1810-1887
9 (RLIN) 128741
245 10 - MENCIÓN DEL TÍTULO
Título Lettres sur la question des cimetières /
Mención de responsabilidad, etc. par F. Laurent.
260 ## - PUBLICACIÓN, DISTRIBUCIÓN, ETC.
Lugar de publicación, distribución, etc. Paris :
Nombre del editor, distribuidor, etc. Librairie International ;
Lugar de publicación, distribución, etc. Bruxelles :
Nombre del editor, distribuidor, etc. A. Lacroix, Verboeckhoven et C\pie\s,
Fecha de publicación, distribución, etc. 1864.
300 ## - DESCRIPCIÓN FÍSICA
Extensión 2 v. ;
Dimensiones 18 cm.
505 8# - NOTA DE CONTENIDO CON FORMATO
Nota de contenido con formato Contiene: Première série. La question religieuse. La cupidité cléricale. Le fanatisme de clergé (297 p.) -- Deuxième série. Le point de droit (160 p.)
650 #4 - PUNTO DE ACCESO ADICIONAL DE MATERIA--TÉRMINO DE MATERIA
Término de materia o nombre geográfico como elemento de entrada Cementerios.
9 (RLIN) 135745
852 ## - LOCALIZACIÓN
Ubicación ES-MaACL
Número de control de estantería D-1259
Nota libre -- Enc. hol.
condición física -- Sólo la segunda parte (160 p.)
Holdings
Estatus retirado Estado de pérdida Estado de daño No para préstamo Colección Biblioteca de origen Biblioteca actual Ubicación en estantería Fecha de adquisición Fuente de adquisición Total de préstamos Signatura topográfica completa Código de barras Visto por última vez Precio de reemplazo Tipo de ítem Koha
        Libros del s. XIX Biblioteca del Ateneo de Madrid Biblioteca del Ateneo de Madrid Sala Valle Inclán 17/01/2008     D-1259 901164600 23/02/2023 23/02/2023 Libro impreso antiguo